000 00293nam a2200121Ia 4500
008 191201s2011 xx 000 0 und d
100 _aLEVINE, David M
245 0 _aBusiness Statistics a First Course
260 _aN. Delhi
_bPearson
_c2011
300 _a665
650 _aBBA
942 _2ddc
_cBK
999 _c6452
_d6452